000 00653nam a2200265Ia 4500
005 20260121173620.0
008 008 260114s9999 xx 000 0 eng d
020 _a9783319139128
037 _aEBOOK
040 _aCRL
040 _beng
040 _cCRL
041 _2eng
041 _aeng
084 _qCRL
100 _aJonathan Page Jeffrey A. Daniels Steven J. Craig
_91103058
245 0 _aViolence in Schools
260 _bSpringer
260 _bSpringer
260 _c2015
856 _uhttps://link.springer.com/openurl?genre=book&isbn=978-3-319-13912-8
942 _cEBOOK
999 _c1668803
_d1668803